| 000 | 00522nam a2200181Ia 4500 | ||
|---|---|---|---|
| 005 | 20250508152924.0 | ||
| 008 | 008 250505s9999 xx 000 0 hin d | ||
| 037 | _aTextual | ||
| 040 |
_aFEDL _beng _cFEDL |
||
| 041 |
_ahin _2hin |
||
| 084 |
_a491.438, JAI _qFEDL |
||
| 100 |
_aJain Nagina _9762752 |
||
| 245 | 0 | _aBhasha- suman: Tisari kaksha ke vidyarthiyon ke liye | |
| 260 |
_aAgra, India _bRajKamal Prakashan _c1962 |
||
| 300 | _a141p | ||
| 942 |
_cTEXL _h491.438, JAI |
||
| 999 |
_c1339619 _d1339619 |
||